000 00340nam a22001457a 4500
008 230717b ||||| |||| 00| 0 eng d
020 _a9780534406912
041 _aeng
080 _2SECOND EDITION
_a575
082 _a575CRA
100 _a13
101 _aBIOKIM
245 _aINTRODUCTORY CHEMISTRY
_cCRACOLICE PETERS
942 _2udc
_cBK
999 _c60145
_d60145